Famous Canadians #2 - Statistics

General Stats
  • This quiz has been taken 27 times
  • The average score is 8 of 17
Answer Stats
Picture Answer % Correct
Celine Dion
92%
Justin Trudeau
81%
Donald Sutherland
73%
Kiefer Sutherland
73%
William Shatner
69%
Bryan Adams
62%
Dan Aykroyd
58%
Alex Trebek
50%
Rachel McAdams
50%
Alan Thicke
46%
Joni Mitchell
42%
Michael Cera
35%
Sandra Oh
35%
The Weeknd
31%
Tom Green
23%
David Foster
15%
Jacques Villeneuve
12%
No matching quizzes found
Score Distribution
Percent of People with Each Score
Percentile by Number Answered
Your Score History
You have not taken this quiz